College Quizbowl Stats
College Quizbowl Stats
Circuits
Seasons
Sets
Records
Detailed Stats
About
Loading...
2023 ACF Nationals
Tossups
Bonuses
Players
Teams
Categories (Tossup)
Categories (Bonus)
Zachary Wang
Penn A
Categories
Category
Powers
Gets
Negs
BBs
Points
Earliest Buzz
Avg. Buzz
First Buzzes
Top 3 Buzzes
BPA
PVF
History - World
0
2
0
0
20
113
128.00
0
0
0.00
0.00
Literature - World
0
1
0
0
10
73
73.00
0
1
0.00
0.00
History - European
0
1
1
1
5
154
154.00
0
0
0.00
0.00
Geography
0
0
1
0
-5
0.00
0
0
0.00
0.00
Buzzes
Category
Answer
Value
Buzz Position
Geography
Maasai
-5
67
Literature - World
US–Mexico border
10
73
History - World
Bangladesh Liberation War
10
113
History - European
Wallachia
-5
125
History - World
jihads
10
143
History - European
Crete
10
154
Previous
1
Next